000 01117nam a22002537a 4500
005 20180803170130.0
008 150627b2006 ck |||||r|||| 00| 0 spa d
040 _aCO-BoIAVH
_cCO-BoIAVH
041 _aspa
044 _ack
090 _aAR
_b01878
100 1 _aVelásquez-Tibatá, Jorge Iván
_9261
245 1 0 _aAnálisis de omisiones y prioridades de conservación para los loros amenazados de Colombia.
_cJorve Velasquez-Tibatá ... [et al].
260 _aBogotá:
_bFundación Proaves,
_c2006.
300 _aAño 2006, Nro 1, Octubre, Pag. 58-66
520 _aEn este estudio se evalúa la representatividad de los loros amenazados de Colombia en el sistema de áreas protegidas y se identifican áreas prioritarias para su conservación.
650 1 _aLoros amenazados
_zColombia
_935009
650 1 _aÁreas protegidas
_zColombia
_935010
650 1 _aGARP
_935007
650 1 _aConservación
_992401
700 1 _aLópez-Arévalo, Hugo F.
_925793
773 0 _bAño 2006, Nro 1, Octubre
_dBogotá : Fundación ProAves, 2006-
_o038445
_tRevista Conservación Colombiana
_x19001592
942 _2z
_cARTICULO
999 _c17495
_d17495